Nigeria: report of the commission appointed to enquire into the fears of minorities and the means of allaying them (Record no. 391155)

000 -LEADER
fixed length control field 00484cam a22001097a 4500
008 - FIXED-LENGTH DATA ELEMENTS--GENERAL INFORMATION
fixed length control field 180718b1958 xxu||||| |||| 00| 0 eng d
082 ## - DEWEY DECIMAL CLASSIFICATION NUMBER
Classification number B12421x699 Un3
100 ## - MAIN ENTRY--PERSONAL NAME
Personal name United Kingdom. The Commission appointed to enquire into the fears of minorities and the means of allaying them
245 ## - TITLE STATEMENT
Title Nigeria: report of the commission appointed to enquire into the fears of minorities and the means of allaying them
260 ## - PUBLICATION, DISTRIBUTION, ETC.
Place of publication, distribution, etc. London
Name of publisher, distributor, etc. Her Majesty's Stationery Office
Date of publication, distribution, etc. 1958
300 ## - PHYSICAL DESCRIPTION
Extent 114+p.
Holdings
Withdrawn status Lost status Damaged status Not for loan Permanent Location Current Location Date acquired Full call number Barcode Date last seen Price effective from Koha item type
        Indian Institute of Public Administration Indian Institute of Public Administration 2000-01-22 B12421x699 Un3 14247 2018-07-21 2018-07-21 Book

Powered by Koha